000 00328nam a22001217a 4500
020 _a8126508361
082 _222
_a628.11
100 _aTodd, David Keith.
245 _aGround water hydrology /
260 _aNew Delhi,
_bJohn Wiley and Sons Publishers,
_cc2006.
300 _axiii, 535 p. ;
_bill. ;
_c23 cm.
942 _2ddc
_cCIVIL
_01
999 _c493
_d493